Countries That End in -IA - Statistics

General Stats
  • This quiz has been taken 4,435 times
    4,434 since last reset
  • The average score is 28 of 38
Answer Stats
Continent Country % Correct
Oceania Australia
88%
Europe Austria
85%
Europe Albania
84%
Europe Latvia
83%
Europe Slovakia
83%
Europe Bulgaria
82%
Asia India
82%
Europe Lithuania
82%
Europe Romania
82%
Europe Estonia
81%
Europe Russia
81%
Europe Slovenia
81%
Africa Algeria
80%
Asia Indonesia
80%
Europe Serbia
80%
Europe Croatia
79%
South America Bolivia
78%
South America Colombia
77%
Asia Malaysia
74%
Africa Nigeria
74%
Asia Armenia
73%
Africa Zambia
72%
Africa Namibia
71%
Africa Tanzania
71%
Africa Ethiopia
70%
Africa Somalia
70%
Europe Macedonia
69%
Asia Cambodia
68%
Africa Gambia
67%
Asia Georgia
67%
Asia Saudi Arabia
67%
Africa Tunisia
67%
Africa Liberia
66%
Asia Mongolia
66%
Asia Syria
66%
Africa Mauritania
63%
Oceania Federated States of Micronesia
62%
North America Saint Lucia
54%
No matching quizzes found
Score Distribution
Percent of People with Each Score
Percentile by Number Answered
Your Score History
You have not taken this quiz since the last reset